000
00219 a2200097 4500
001
10336
100
_a
Collocott T C
245
_a
Chambers world gazetter & geo diction
260
_a
_b
Chambers
_c
090
_c
7991
_d
7991
942
_a
NUST-CAE
_c
M
_c
34701
999
_c
245409
_d
245409